Sports Quiz

Random Sports or MLB Quiz

MLB - 1970's Los Angeles Dodgers Quiz Stats

Quiz not verified by Sporcle

Challenge
Share
Tweet
Embed
Score 0/129 Timer 12:00
0 Plays Today
Position Player % Correct
1b-3bSteve Garvey
96.7%
3bRon Cey
96%
2bDavey Lopes
94.6%
ss-ofBill Russell
93.7%
pDon Sutton
92.3%
ofReggie Smith
91%
cSteve Yeager
90.7%
ofDusty Baker
86.8%
pTommy John
86.2%
mgrTommy Lasorda
83.4%
ofWillie Davis
83.2%
mgrWalter Alston
81.5%
ofRick Monday
80.6%
c-ofJoe Ferguson
79.9%
pMike Marshall
77.7%
of-1bBill Buckner
72.7%
pBurt Hooton
72.2%
1bWes Parker
70.4%
ofManny Mota
69.7%
ssMaury Wills
69.3%
pAndy Messersmith
68.9%
pDoug Rau
68.7%
ofJimmy Wynn
65.9%
pJerry Reuss
63.9%
ofFrank Robinson
63%
pCharlie Hough
62.4%
3bDick Allen
61.1%
pBob Welch
60.3%
ofWillie Crawford
58.5%
pClaude Osteen
58.2%
of-3bDerrel Thomas
57.2%
2b-ofLee Lacy
56.9%
pBill Singer
55.3%
of-1bPedro Guerrero
54.8%
2bTed Sizemore
52.8%
pAl Downing
52.7%
pRick Sutcliffe
52.5%
pRick Rhoden
50.1%
pJim Brewer
49.8%
cTom Haller
46.3%
2b-3bJim Lefebvre
46.3%
3bBilly Grabarkewitz
45.8%
cJerry Grote
44.6%
Position Player % Correct
ofBilly North
41.9%
ss-2bBobby Valentine
41.8%
ss-3bTeddy Martinez
41.6%
3bKen McMullen
40.4%
ofVon Joshua
38.3%
ss-2bRick Auerbach
38.2%
ofVic Davalillo
37.3%
of-1bTom Paciorek
36.3%
pGeoff Zahn
35.9%
cDuke Sims
35.5%
pHoyt Wilhelm
35%
pTerry Forster
34.9%
pElias Sosa
34.8%
ofGlenn Burke
34%
of-1bGary Thomasson
33.6%
pJuan Marichal
31.7%
cJohnny Oates
29.6%
3b-1bEd Goodson
28.9%
pJose Pena
28.4%
1bBoog Powell
28.3%
ofRudy Law
27.9%
of-cPaul Powell
27.9%
pDave Stewart
27.7%
pRon Perranoski
27.3%
cDick Dietz
27.2%
ofMyron White
27.1%
cEllie Rodriguez
27%
cJeff Torborg
26.8%
ofLeron Lee
26.1%
c-3bBill Sudakis
25.8%
ofHenry Cruz
25.6%
ssIvan DeJesus
24.4%
pAlan Foster
24.4%
pJoe Moeller
24.4%
pDoyle Alexander
23.7%
ssEnzo Hernandez
23%
cChris Cannizzaro
22.2%
2b-ssRafael Landestoy
22.1%
pPete Richert
21.7%
pPete Mikkelsen
21.6%
pBobby Castillo
21.1%
3b-2bJerry Royster
20.9%
pStan Wall
20.3%
Position Player % Correct
pMike Garman
19.7%
of-3bMickey Hatcher
19.7%
ofAndy Kosco
19.3%
pLance Rautzhan
19%
ofJohn Hale
18.3%
pSandy Vance
17.8%
pFred Norman
16.7%
of-1bLen Gabrielson
16.5%
ofJoe Simpson
16.5%
pMike Strahler
16.5%
of-1bGary Moore
16.4%
pJoe Beckwith
16.2%
ssRon Washington
15.1%
cBob Stinson
14.4%
pBuddy Solomon
13.7%
ofBobby Darwin
13.2%
pKen Brett
13.1%
pRay Lamb
12.7%
pAl McBean
12.7%
ofJeffrey Leonard
11.9%
cKevin Pasley
11.4%
ofJim Fairey
11.1%
pJerry Stephenson
10.2%
pLerrin LaGrow
9.5%
pCamilo Pascual
9.5%
ofOrlando Alvarez
9.3%
pBob O'Brien
9.1%
pHank Webb
8.5%
ofCharlie Manuel
8.4%
pDave Patterson
8.4%
pGreg Shanahan
8.4%
pDennis Lewallyn
8.2%
cSergio Robles
7.9%
pRex Hudson
7.7%
cBrad Gulden
7.5%
pDave Sells
7.2%
of-1bDanny Walton
6.9%
pGeorge Culver
6.7%
1bTerry McDermott
6.1%
pGerry Hannahs
5.8%
ofJim Lyttle
5.8%
pGreg Heydeman
5.7%
1b-cGail Hopkins
5.1%

You're not logged in!

Compare scores with friends on all Sporcle quizzes.
Sign Up with Email
OR
Log In

You Might Also Like...

Show Comments

Extras

Top Quizzes Today


Score Distribution

Your Account Isn't Verified!

In order to create a playlist on Sporcle, you need to verify the email address you used during registration. Go to your Sporcle Settings to finish the process.